000 00545nam a2200181Ia 4500
008 151018s9999 xx 000 0 und d
082 _bRBASDV15643
_a891.433
100 _aनरेंद्र कोहली
245 _aअभियान
250 _b1
260 _bहिंद पॉकेट बुक्स
_c1982
300 _a162
600 _aनरेंद्र कोहली
630 _aअभियान
700 _aनरेंद्र कोहली
730 _aअभियान
942 _cBOOK
999 _c1016369
_d1016366